00753cam a22002657a 4500003000500000005001700005008004100022010001000063011001000073020001500083035001000098040000900108082002000117110000800137245010500145260002400250300001900274410000800293490003900301650002900340650005300369700001800422810000800440830003900448CHAP20220817043537.0990531d1998 it a rn 00110 spa d a78063 a79035 a9253028033 a89158 cCHAP04a630bF3Y v.88/32 aFAO13aLa ingeniería agraria en el desarrollo :bforja avanzada : manual de formaciónc/por J.B. Stokes aRome :bFAO,c1998. a87 p. :bilus.2 aFAO 0aFAO. Servicios agrícolasv; 88/314aIngeniería agrícola.14aMaquinaria agrícolaxFabricación y comercio.0 aStokes, J. B.0 aFAO00aFAO. Servicios agrícolasv; 88/3